=LDR 00000nam 2200000 4500 =001 INLIS000000000048394 =005 20200714121926 =035 ##$$a 0010-101600000000152 =008 200714################g##########0#ind## =020 ##$$a 979-8120-47-7 =082 ##$$a 2x6.6 =100 1#$$a Khallaf, Abdul Wahhab =245 1#$$a Politik hukum islam /$c Prof. Abdul Wahhab Khallaf =260 ##$$a yogyakarta :$b Tiara Wacana yogya,$c 1994 =300 ##$$a xiv,133 Hlm ; $c 14x 21 cm =850 ##$$a BPAP =084 ##$$a 2x6.6 KHA p =250 ##$$a cet.1 =650 #4$$a Islam dan Politik Hukum =990 ##$$a 00091669 =990 ##$$a 1199700843